000 01015nam a2200253 a 4500
001 000016012
003 DO-SdBNP
005 20260422135659.0
007 ta
008 100223s1997 dr 001 0 spa d
020 _a8492116110
040 _aDO-SdBNP
_bspa
_cBNPHU
082 4 _bJ95d
_222
245 0 0 _aJurisprudencia dominicana
260 _aSanto Domingo :
_bCapel Dominicana
_bCentro de Información Juridíca,
_c1997-
300 _a343 p. ;
_c23 cm.
500 _aIncluye índice
505 _a [1.] Recopilación de las sentencias de la Suprema Corte de Justicia, julio, agosto y septiembre de 1990 -- 2. Recopilación de sentencias dictadas por la Suprema Corte de Justicia, octubre, noviembre y diciembre de 1990.
590 _aInventariado, 2022/BT
610 1 _aSuprema Corte de Jsticia
_935963
650 7 _aJurisprudencia
_xRecopilaciones, repertorios, etc
_zRepública Dominicana
_919125
_2LIBRUNAM
710 1 _aRepública Dominicana.
_bSuprema Corte de Justicia.
_97906
942 _2ddc
_cLBS1
999 _c15554
_d15554